[Event "St Petersburg June op"]
[Site "St Petersburg"]
[Date "2008.06.21"]
[Round "1"]
[White "Averjanov, Sergey"]
[Black "Pankov, German"]
[Result "0-1"]
[WhiteElo "2027"]
[BlackElo "2349"]
[PlyCount "74"]
[EventDate "2008.06.21"]
[EventType "swiss"]
[EventRounds "9"]
[EventCountry "RUS"]
[SourceTitle "CBM 125 Extra"]
[Source "ChessBase"]
[SourceDate "2008.09.01"]
[SourceVersion "1"]
[SourceVersionDate "2008.09.01"]
[SourceQuality "1"]

1. d4 Nf6 2. c4 c5 3. d5 b5 4. Nf3 Qa5+ 5. Bd2 Qb6 6. Qc2 bxc4 7. Nc3 Na6 8. e4 Nb4 9. Qb1 Nd3+ 10. Bxd3 cxd3 11. e5 Ng4 12. h3 Nh6 13. Qxd3 Ba6 14. Qe4 Rb8 15. g4 Qb4 16. g5 Qxe4+ 17. Nxe4 Bb7 18. Nc3 Nf5 19. Rd1 Ba6 20. b3 d6 21. Be3 g6 22. exd6 exd6 23. Kd2 Bg7 24. Rhe1 0-0 25. Bf4 Rb4 26. Ne4 c4 27. Bxd6 Nxd6 28. Nxd6 cxb3 29. Ne4 bxa2 30. Nf6+ Bxf6 31. gxf6 Rf4 32. Ne5 Bb5 33. Ng4 h5 34. Ke3 g5 35. Ne5 Re8 36. Kd2 Rxe5 37. Rxe5 Rd4+ 0-1

[Event "St Petersburg Chigorin CC-ch"]
[Site "St Petersburg"]
[Date "2008.05.15"]
[Round "3"]
[White "Averjanov, Sergey"]
[Black "Kudriavtsev, Yury"]
[Result "1/2-1/2"]
[WhiteElo "2027"]
[BlackElo "1917"]
[PlyCount "36"]
[EventDate "2008.05.13"]
[EventType "swiss"]
[EventRounds "9"]
[EventCountry "RUS"]
[SourceTitle "CBM 124 Extra"]
[Source "ChessBase"]
[SourceDate "2008.07.03"]
[SourceVersion "1"]
[SourceVersionDate "2008.07.03"]
[SourceQuality "1"]

1. d4 d5 2. Nf3 c6 3. Nbd2 Nf6 4. c4 e6 5. e3 Be7 6. Bd3 Nbd7 7. 0-0 0-0 8. b3 b6 9. Bb2 Bb7 10. Ne5 Nxe5 11. dxe5 Nd7 12. Qc2 h6 13. f4 Nc5 14. Be2 Rc8 15. Rad1 Qc7 16. Bf3 Nd7 17. Nb1 f5 18. exf6 Bxf6 1/2-1/2

[Event "St Petersburg March op"]
[Site "St Petersburg"]
[Date "2008.03.25"]
[Round "4"]
[White "Averjanov, Sergey"]
[Black "Musaev, Shamil"]
[Result "1-0"]
[WhiteElo "2027"]
[BlackElo "1856"]
[PlyCount "47"]
[EventDate "2008.03.22"]
[EventType "swiss"]
[EventRounds "9"]
[EventCountry "RUS"]
[SourceTitle "EXT 2010"]
[Source "ChessBase"]
[SourceDate "2010.11.25"]
[SourceVersion "1"]
[SourceVersionDate "2010.11.25"]
[SourceQuality "1"]

1. d4 d5 2. c4 Nc6 3. Nc3 dxc4 4. d5 Ne5 5. f4 Ng4 6. e4 e5 7. Bxc4 Bc5 8. Nf3 Bf2+ 9. Ke2 Bb6 10. Rf1 exf4 11. Bxf4 Ne7 12. h3 Nf6 13. e5 Nh5 14. Bh2 Nf5 15. Ne4 Ne3 16. Qb3 Nxf1 17. Rxf1 Bf5 18. Bb5+ Bd7 19. e6 fxe6 20. dxe6 Bxb5+ 21. Qxb5+ c6 22. Qxh5+ g6 23. Qh6 Qd5 24. Nf6+ 1-0

[Event "St Petersburg March op"]
[Site "St Petersburg"]
[Date "2008.03.23"]
[Round "2"]
[White "Averjanov, Sergey"]
[Black "Eliseev, Alexey"]
[Result "0-1"]
[WhiteElo "2027"]
[BlackElo "2403"]
[PlyCount "68"]
[EventDate "2008.03.22"]
[EventType "swiss"]
[EventRounds "9"]
[EventCountry "RUS"]
[SourceTitle "EXT 2010"]
[Source "ChessBase"]
[SourceDate "2010.11.25"]
[SourceVersion "1"]
[SourceVersionDate "2010.11.25"]
[SourceQuality "1"]

1. d4 c5 2. d5 e5 3. e4 d6 4. c4 Be7 5. Nc3 Bg5 6. Bd3 Bxc1 7. Qxc1 Ne7 8. Nge2 0-0 9. Ng3 Nd7 10. a3 Ng6 11. 0-0 Nf4 12. Qe3 Qg5 13. Nb5 Qg6 14. Rfe1 a6 15. Nc3 Nf6 16. Bf1 Ng4 17. Qf3 Qf6 18. Kh1 h5 19. h3 g6 20. Rad1 Kg7 21. Rd2 Bd7 22. Nce2 Rh8 23. Ng1 b5 24. Qc3 h4 25. hxg4 hxg3+ 26. Nh3 gxf2 27. Rxf2 Bxg4 28. Re3 bxc4 29. Kg1 Bxh3 30. gxh3 Rh5 31. Ref3 Rah8 32. Rxf4 exf4 33. Qxf6+ Kxf6 34. Rxf4+ Ke7 0-1

[Event "St Petersburg White Nights op"]
[Site "St Petersburg"]
[Date "2007.07.02"]
[Round "8"]
[White "Chuvakov, Nikolay"]
[Black "Averjanov, Sergey"]
[Result "1-0"]
[WhiteElo "1835"]
[BlackElo "2090"]
[PlyCount "79"]
[EventDate "2007.06.25"]
[EventType "swiss"]
[EventRounds "9"]
[EventCountry "RUS"]
[SourceTitle "CBM 119 Extra"]
[Source "ChessBase"]
[SourceDate "2007.09.04"]
[SourceVersion "1"]
[SourceVersionDate "2007.09.04"]
[SourceQuality "1"]

1. d4 d5 2. c4 c6 3. e3 Nf6 4. Nc3 e6 5. Nf3 Nbd7 6. a3 Bd6 7. Qc2 0-0 8. b3 e5 9. dxe5 Nxe5 10. Be2 Re8 11. 0-0 Qe7 12. Bb2 Bg4 13. Nd4 Bxe2 14. Ncxe2 g6 15. Ng3 h5 16. h3 h4 17. f4 hxg3 18. fxe5 Bxe5 19. Rf3 Ne4 20. Raf1 Nf2 21. Bc3 f5 22. cxd5 cxd5 23. Bb4 Qd7 24. Qb1 Rac8 25. Be1 Ne4 26. a4 a6 27. Bb4 b6 28. a5 b5 29. Qd1 Nf2 30. Qb1 Ne4 31. Qd1 Rc7 32. Nxf5 gxf5 33. Rxf5 Qe6 34. Qg4+ Bg7 35. Rf8+ Kh7 36. Qh5+ Qh6 37. Qf5+ Qg6 38. Qxg6+ Kxg6 39. Rxe8 Bh6 40. Re1 1-0

[Event "St Petersburg White Nights op"]
[Site "St Petersburg"]
[Date "2007.06.28"]
[Round "4"]
[White "Voronenkov, Sergey"]
[Black "Averjanov, Sergey"]
[Result "1-0"]
[WhiteElo "1980"]
[BlackElo "2090"]
[PlyCount "73"]
[EventDate "2007.06.25"]
[EventType "swiss"]
[EventRounds "9"]
[EventCountry "RUS"]
[SourceTitle "CBM 119 Extra"]
[Source "ChessBase"]
[SourceDate "2007.09.04"]
[SourceVersion "1"]
[SourceVersionDate "2007.09.04"]
[SourceQuality "1"]

1. d4 d5 2. c4 Bf5 3. Nc3 e6 4. Nf3 Nc6 5. Bf4 Bb4 6. e3 Nf6 7. a3 Bxc3+ 8. bxc3 0-0 9. h3 Ne4 10. Qc1 Na5 11. Qb2 dxc4 12. Ne5 Nd6 13. Rd1 h6 14. Be2 f6 15. Nf3 a6 16. Nd2 b5 17. Qb4 Nab7 18. Bf3 a5 19. Qb2 Bd3 20. Bxd6 Nxd6 21. Bxa8 Qxa8 22. f3 Qd5 23. Kf2 f5 24. Rhe1 e5 25. dxe5 Qxe5 26. Kg1 g5 27. Nb3 cxb3 28. Rxd3 a4 29. Qc1 Nc4 30. e4 Qc5+ 31. Kh1 f4 32. Rd5 Qc6 33. Rd4 Qc5 34. e5 Nxe5 35. Qb1 Rf6 36. Qe4 Nc6 37. Rd7 1-0

[Event "St Petersburg White Nights op"]
[Site "St Petersburg"]
[Date "2007.06.26"]
[Round "2"]
[White "Kudriavtsev, Yury"]
[Black "Averjanov, Sergey"]
[Result "0-1"]
[WhiteElo "1937"]
[BlackElo "2090"]
[PlyCount "92"]
[EventDate "2007.06.25"]
[EventType "swiss"]
[EventRounds "9"]
[EventCountry "RUS"]
[SourceTitle "CBM 119 Extra"]
[Source "ChessBase"]
[SourceDate "2007.09.04"]
[SourceVersion "1"]
[SourceVersionDate "2007.09.04"]
[SourceQuality "1"]

1. e4 c5 2. Nf3 Nc6 3. Nc3 e5 4. Bc4 Be7 5. d3 Nf6 6. Bg5 d6 7. Bxf6 Bxf6 8. Nd5 Be6 9. 0-0 0-0 10. a3 g6 11. c3 Bg7 12. b4 h6 13. Qb3 Rb8 14. Qa2 b5 15. Bb3 a5 16. Rac1 a4 17. Bc2 f5 18. c4 fxe4 19. dxe4 Rxf3 20. gxf3 Nd4 21. Kh1 Nxf3 22. Bd1 Nxh2 23. Rg1 Qh4 24. Rg3 Nf1+ 25. Kg2 Nxg3 26. fxg3 Qh3+ 27. Kg1 Bxd5 28. cxd5 Qxg3+ 29. Kh1 Qh4+ 30. Qh2 Qxe4+ 31. Qg2 Qxg2+ 32. Kxg2 c4 33. Bg4 Kf8 34. Bd7 Ke7 35. Bc6 e4 36. Re1 Be5 37. Rxe4 Kf6 38. Re3 c3 39. Re2 Bf4 40. Rf2 Ke5 41. Kf3 g5 42. Re2+ Kd4 43. Re4+ Kd3 44. Bd7 c2 45. Bf5 c1Q 46. Re3+ Kc4 0-1

[Event "St Petersburg-ch qf Seniors 80th"]
[Site "St Petersburg"]
[Date "2006.12.12"]
[Round "9"]
[White "Grigoriev, Yury Z"]
[Black "Averjanov, Sergey"]
[Result "1-0"]
[WhiteElo "2054"]
[BlackElo "2098"]
[PlyCount "83"]
[EventDate "2006.11.23"]
[EventType "swiss"]
[EventRounds "10"]
[EventCountry "RUS"]
[SourceTitle "EXT 2019"]
[Source "ChessBase"]
[SourceDate "2018.10.10"]
[SourceVersion "1"]
[SourceVersionDate "2018.10.10"]
[SourceQuality "1"]

1. d4 d5 2. c4 e6 3. cxd5 exd5 4. Nc3 Nf6 5. Bg5 Be7 6. Nf3 Nbd7 7. Qc2 c6 8. e3 0-0 9. Bd3 Re8 10. 0-0 Nf8 11. Rab1 a5 12. a3 Ne4 13. Bxe7 Qxe7 14. Bxe4 dxe4 15. Nd2 f5 16. Na4 Be6 17. Qc5 Nd7 18. Qxe7 Rxe7 19. Rfc1 Ba2 20. Ra1 Bd5 21. Nc5 Nxc5 22. Rxc5 Kf7 23. Nc4 Bxc4 24. Rxc4 Ke6 25. Rc5 g6 26. Rac1 Kd6 27. Kf1 Rc7 28. Ke2 b6 29. R5c3 a4 30. Rc4 Raa7 31. Kd2 c5 32. dxc5+ Rxc5 33. Rxc5 bxc5 34. Kc3 Rb7 35. Rd1+ Kc6 36. h4 Rb3+ 37. Kc2 c4 38. Rd4 Kc5 39. Rd8 Rb7 40. Rc8+ Kb5 41. g3 Rd7 42. Rb8+ 1-0

[Event "St Petersburg White Nights op"]
[Site "St Petersburg"]
[Date "2004.??.??"]
[Round "5"]
[White "Averjanov, Sergey"]
[Black "Gromova, Iulia"]
[Result "1-0"]
[WhiteElo "2124"]
[BlackElo "2151"]
[PlyCount "57"]
[EventDate "2004.06.??"]
[EventType "swiss"]
[EventRounds "9"]
[EventCountry "RUS"]
[SourceTitle "CBM 100 Extra"]
[Source "ChessBase"]
[SourceDate "2004.07.06"]
[SourceVersion "2"]
[SourceVersionDate "2004.07.06"]
[SourceQuality "1"]

1. d4 Nf6 2. c4 g6 3. Nc3 Bg7 4. e4 d6 5. Nf3 0-0 6. Be2 Nbd7 7. 0-0 e5 8. Re1 exd4 9. Nxd4 Nc5 10. f3 a5 11. Be3 Re8 12. Qd2 Be6 13. Rad1 Qd7 14. Ndb5 Na6 15. a3 Red8 16. Bg5 Qc8 17. Qf4 Nh5 18. Qh4 Rd7 19. g4 h6 20. Be3 Bf6 21. Qf2 Ng7 22. Bxh6 Qd8 23. Bf4 Bg5 24. Bxg5 Qxg5 25. f4 Qh6 26. f5 gxf5 27. exf5 Bxf5 28. gxf5 Qg5+ 29. Kh1 1-0

[Event "St Petersburg White Nights op"]
[Site "St Petersburg"]
[Date "2004.??.??"]
[Round "7"]
[White "Sudarkin, Gregory"]
[Black "Averjanov, Sergey"]
[Result "1-0"]
[WhiteElo "2164"]
[BlackElo "2124"]
[PlyCount "83"]
[EventDate "2004.06.??"]
[EventType "swiss"]
[EventRounds "9"]
[EventCountry "RUS"]
[SourceTitle "CBM 100 Extra"]
[Source "ChessBase"]
[SourceDate "2004.07.06"]
[SourceVersion "2"]
[SourceVersionDate "2004.07.06"]
[SourceQuality "1"]

1. e4 c5 2. Nf3 Nc6 3. d4 cxd4 4. Nxd4 e5 5. Nb5 d6 6. c4 Be7 7. b3 a6 8. N5a3 f5 9. Nc3 Nf6 10. Bd3 fxe4 11. Nxe4 0-0 12. 0-0 Nxe4 13. Bxe4 Bf5 14. Bxf5 Rxf5 15. Nc2 Qf8 16. Ne3 Rf6 17. Nd5 Rg6 18. f4 exf4 19. Nxf4 Rf6 20. Be3 Kh8 21. Qd2 Qg8 22. Nd5 Rxf1+ 23. Rxf1 Rd8 24. Nxe7 Nxe7 25. Bg5 Rd7 26. Bxe7 Rxe7 27. Qxd6 Qe8 28. Qf4 h6 29. Qf8+ Qxf8 30. Rxf8+ Kh7 31. Kf2 Kg6 32. a4 Rc7 33. Kf3 b5 34. axb5 axb5 35. Rf4 bxc4 36. bxc4 Ra7 37. Ke3 Kg5 38. Rf2 Rc7 39. Kd4 Rd7+ 40. Kc5 Rc7+ 41. Kd5 Rd7+ 42. Kc6 1-0

[Event "St Petersburg-chT "]
[Site "St Petersburg"]
[Date "2003.??.??"]
[Round "4"]
[White "Eltsov, Valery"]
[Black "Averjanov, Sergey"]
[Result "1-0"]
[WhiteElo "2231"]
[BlackElo "2111"]
[PlyCount "59"]
[EventDate "2003.??.??"]
[EventType "team"]
[EventRounds "9"]
[EventCountry "RUS"]
[SourceTitle "EXT 2005"]
[Source "ChessBase"]
[SourceDate "2004.11.15"]
[SourceVersion "1"]
[SourceVersionDate "2004.11.15"]
[SourceQuality "1"]

1. e4 c5 2. Nf3 Nc6 3. d4 cxd4 4. Nxd4 e5 5. Nb5 d6 6. c4 Be7 7. N1c3 a6 8. Na3 f5 9. Nc2 Nf6 10. Bd3 fxe4 11. Nxe4 0-0 12. 0-0 Nxe4 13. Bxe4 Bf5 14. Bxf5 Rxf5 15. Ne3 Rf7 16. Nd5 Bg5 17. Qd3 Bxc1 18. Raxc1 Qg5 19. Nc3 Raf8 20. Ne4 Qg6 21. Rcd1 Nd4 22. Ng3 Qg5 23. Qe4 h5 24. h4 Qf4 25. Rde1 Qxe4 26. Rxe4 g6 27. b3 Kg7 28. f3 Kf6 29. Rfe1 Ke6 30. Rxd4 1-0

[Event "St Petersburg op"]
[Site "St Petersburg"]
[Date "2003.??.??"]
[Round "9"]
[White "Samatov, Tynchtykbek"]
[Black "Averjanov, Sergey"]
[Result "1/2-1/2"]
[WhiteElo "2175"]
[BlackElo "2122"]
[PlyCount "64"]
[EventDate "2003.??.??"]
[EventType "swiss"]
[EventRounds "9"]
[EventCountry "RUS"]
[SourceTitle "EXT 2005"]
[Source "ChessBase"]
[SourceDate "2004.11.15"]
[SourceVersion "1"]
[SourceVersionDate "2004.11.15"]
[SourceQuality "1"]

1. e4 c5 2. Nf3 Nc6 3. d4 cxd4 4. Nxd4 e5 5. Nb5 d6 6. c4 Be7 7. N1c3 a6 8. Na3 f5 9. exf5 Bxf5 10. Be2 Nf6 11. 0-0 0-0 12. b3 Nd4 13. Nd5 Nxd5 14. cxd5 Nxe2+ 15. Qxe2 b5 16. Be3 Rc8 17. Rac1 Qa5 18. Nb1 Rxc1 19. Rxc1 Rc8 20. Rxc8+ Bxc8 21. a3 Bf5 22. Bd2 Qb6 23. Nc3 Qd4 24. Qe3 Qd3 25. Qxd3 Bxd3 26. f3 Bc2 27. b4 Bb3 28. Kf2 Bc4 29. Be3 Kf7 30. Bb6 Ke8 31. g3 Kd7 32. Be3 Bf6 1/2-1/2